Fast Typing: One to One Hundred-No Numbers - Statistics

General Stats
  • This quiz has been taken 68 times
  • The average score is 57 of 100
Answer Stats
Answer % Correct
One
100%
Four
95%
Two
95%
Five
92%
Seven
92%
Six
92%
Three
92%
Eight
90%
Nine
90%
Ten
87%
Eleven
85%
Fifteen
85%
Fourteen
85%
Thirteen
85%
Twelve
85%
Seventeen
82%
Sixteen
82%
Eighteen
79%
Thirty
79%
Nineteen
77%
Thirty-Four
77%
Thirty-Nine
77%
Thirty-Two
77%
Twenty
77%
Twenty-Four
77%
Twenty-Three
77%
Twenty-Two
77%
Thirty-Eight
74%
Thirty-Five
74%
Thirty-One
74%
Thirty-Seven
74%
Thirty-Six
74%
Thirty-Three
74%
Twenty-Eight
74%
Twenty-Five
74%
Twenty-Nine
74%
Twenty-One
74%
Twenty-Seven
74%
Twenty-Six
74%
Forty
72%
Forty-One
69%
Forty-Two
69%
Forty-Five
64%
Forty-Four
64%
Forty-Seven
64%
Forty-Six
64%
Forty-Three
64%
Sixty
64%
Fifty
62%
Forty-Eight
62%
Fifty-One
59%
Fifty-Three
59%
Fifty-Two
59%
Forty-Nine
59%
Fifty-Eight
56%
Fifty-Five
56%
Fifty-Four
56%
Fifty-Nine
56%
Fifty-Seven
56%
Fifty-Six
56%
Seventy
54%
Sixty-One
54%
Sixty-Two
54%
Sixty-Four
51%
Sixty-Eight
49%
Sixty-Five
49%
Sixty-Seven
49%
Sixty-Three
49%
Sixty-Nine
46%
Sixty-Six
46%
Eighty
44%
Seventy-One
44%
Seventy-Three
44%
Seventy-Two
44%
Seventy-Five
38%
Seventy-Four
38%
Seventy-Six
36%
Seventy-Eight
33%
Seventy-Nine
33%
Seventy-Seven
33%
Eighty-One
31%
Ninety
31%
Eighty-Three
28%
Eighty-Two
28%
Eighty-Eight
21%
Eighty-Five
21%
Eighty-Four
21%
Eighty-Nine
21%
Eighty-Six
21%
Eighty-Seven
18%
Ninety-Two
18%
One-Hundred
18%
Ninety-Four
15%
Ninety-Nine
15%
Ninety-One
15%
Ninety-Three
15%
Ninety-Eight
13%
Ninety-Five
13%
Ninety-Seven
10%
Ninety-Six
10%
No matching quizzes found
Score Distribution
Percent of People with Each Score
Percentile by Number Answered
Your Score History
You have not taken this quiz